Sports Quiz

Random Sports or Cricket Quiz

One-Day International Cricket: 100+ Catches Quiz Stats

 Plays Quiz not verified by Sporcle

Challenge
Share
Tweet
Embed
Score 0/59 Timer 10:00
0 Plays Today
Catches Name % Correct
417Adam Gilchrist
95.7%
293MS Dhoni
93.5%
403Mark Boucher
93%
402Kumar Sangakkara
92.5%
262Brendon McCullum
91.9%
218Mahela Jayawardene
90.9%
160Ricky Ponting
89.8%
196Rahul Dravid
89.2%
214Moin Khan
88.7%
140Sachin Tendulkar
88.7%
135Younis Khan
88.7%
120Brian Lara
86%
111Steve Waugh
85.5%
108Mark Waugh
85.5%
100Brendan Taylor
82.9%
117Chris Gayle
81.2%
106Michael Clarke
80.6%
113Inzamam-ul-Haq
80.1%
159Alec Stewart
79.6%
123Sanath Jayasuriya
79.6%
100Viv Richards
79.6%
175AB de Villiers
79%
131Jacques Kallis
79%
141Andy Flower
78%
170Brad Haddin
76.3%
133Stephen Fleming
76.3%
105Graeme Smith
76.3%
194Ian Healy
75.8%
127Allan Border
74.7%
128Ross Taylor
73.7%
Catches Name % Correct
100Sourav Ganguly
73.7%
123Tillakaratne Dilshan
71.5%
181Denesh Ramdin
71%
127Shahid Afridi
68.3%
157Kamran Akmal
67.7%
156Mohammad Azharuddin
66.1%
108Herschelle Gibbs
66.1%
108Matthew Wade
65.7%
108Shaun Pollock
64.5%
105Jonty Rhodes
62.4%
183Jeff Dujon
60.8%
160Ridley Jacobs
60.8%
120Rod Marsh
60.8%
115Quinton de Kock
60%
105Michael Hussey
59.1%
131Jos Buttler
57.1%
120Carl Hooper
57%
114Tatenda Taibu
54.8%
182Rashid Latif
54.3%
130Muttiah Muralitharan
52.7%
108Paul Collingwood
52.7%
146Mushfiqur Rahim
50.5%
116Adam Parore
50.5%
110Nayan Mongia
50.5%
105Luke Ronchi
48.6%
100Suresh Raina
47.8%
132Romesh Kaluwitharana
43.5%
109Roshan Mahanama
39.8%
148Dave Richardson
38.7%

You're not logged in!

Compare scores with friends on all Sporcle quizzes.
Join for Free
OR
Log In

You Might Also Like...

Show Comments

Extras

Top Quizzes Today


Score Distribution

Your Account Isn't Verified!

In order to create a playlist on Sporcle, you need to verify the email address you used during registration. Go to your Sporcle Settings to finish the process.

Report this User

Report this user for behavior that violates our Community Guidelines.

Details: